| 000 | 005020000a22002050004500 | ||
|---|---|---|---|
| 003 | LK-CoMWRAF | ||
| 005 | 20231004115110.0 | ||
| 008 | 230817t1999 ||||| |||| 00| 0 eng d | ||
| 040 |
_aLK-CoMWRAF _dLK-CoMWRAF _eLK-CoMWRAF |
||
| 041 | _aeng | ||
| 082 |
_a297 _bSMA |
||
| 100 | _aSma | ||
| 245 | _aMuhammad in the Qur'an and other Qur'anic studies | ||
| 260 |
_aNew Delhi : _bAbdul Moin, _c1999 |
||
| 300 | _a323p | ||
| 650 | _aQuran | ||
| 650 | _aMuhammad | ||
| 650 | _aQuran-studies | ||
| 942 | _cBK | ||
| 999 |
_c785 _d785 |
||